Financie a mena : I.časť

Saved in:
Bibliographic Details
Format: Book
Language:Slovak
Published: Bratislava : Vysoká škola ekonomická, Bratislava, 1992
Tags: Add Tag
No Tags, Be the first to tag this record!

MARC

LEADER 00000nam a22000003a 4500
001 stu18905
005 20150408181539.3
008 920601s1992----cs------------------slo-d
020 |a 80-225-0361-4 
040 |a STU  |b slo 
041 0 |a slo 
044 |a cs 
080 |a 336.01(075.8) 
080 |a 336.743(075.8) 
245 |a Financie a mena :  |b I.časť 
260 |a Bratislava :  |b Vysoká škola ekonomická, Bratislava,  |c 1992 
300 |a 170 s 
500 |a (Dočasná vysokoškolská učebnica) 
996 |b CS30821  |c C*S30821  |l CCXIV  |s P  |a 0  |w stu18905_0001